[Event "Druga liga Srbije grupa Vojvod"]
[Site "Sombor"]
[Date "2009.09.29"]
[Round "4.6"]
[White "Bogic, Stevan"]
[Black "Stajic, Petar"]
[Result "1/2-1/2"]
[WhiteElo "2256"]
[BlackElo "2193"]
[PlyCount "41"]
[EventDate "2009.09.27"]

1. d4 Nf6 2. c4 g6 3. Nc3 d5 4. Bf4 Bg7 5. e3 c5 6. dxc5 Qa5 7. Qa4+ Qxa4 8.
Nxa4 O-O 9. Nc3 dxc4 10. Bxc4 Nbd7 11. Nf3 Nxc5 12. O-O Be6 13. Bxe6 Nxe6 14.
Be5 Rfd8 15. Rfd1 Rxd1+ 16. Rxd1 Rd8 17. Rxd8+ Nxd8 18. Nd4 Nd7 19. Bxg7 Kxg7
20. e4 Ne5 21. b3 1/2-1/2